| 000 | 01114nam a22003497a 4500 | ||
|---|---|---|---|
| 003 | CHAP | ||
| 005 | 20220329141553.0 | ||
| 008 | 971013s1979 r 00010 d | ||
| 010 | _a70309 | ||
| 011 | _a71281 | ||
| 035 | _a80835 | ||
| 040 | _cCHAP | ||
| 090 | _aFolleto 6289y | ||
| 100 | 0 | 0 |
_aEdholm, Otto G. _935342 |
| 245 | 1 | _aHombre, calor y frio | |
| 260 |
_aBarcelona : _bOmega, _c1979 |
||
| 300 |
_a72 p. _b; gráfs |
||
| 490 | _aCuadernos de biología | ||
| 590 |
_aBATCH-UPD _b10 _c20130110 _lUCH01 _h0459 |
||
| 590 |
_aBATCH-UPD _b10 _c20130110 _lUCH01 _h2246 |
||
| 590 |
_aBATCH-UPD _b10 _c20130410 _lUCH01 _h0137 |
||
| 590 |
_aBATCH-UPD _b10 _c20130410 _lUCH01 _h1613 |
||
| 590 |
_aBATCH-UPD _b10 _c20130914 _lUCH01 _h1234 |
||
| 590 |
_aCONVERSION _b10 _c20130109 _lUCH01 _h1339 |
||
| 650 | 1 | 4 |
_aImpacto ambiental. _957465 |
| 650 | 1 | 4 |
_aTemperatura _xEfectos fisiológicos. _9112230 |
| 830 | 0 |
_aCuadernos de biología _929748 |
|
| 901 | _aBK | ||
| 942 | _cFOLL | ||
| 949 |
_aFolleto 6289y _bBC _cFOLL _d-33829 _eTS1 _i80835 _si _t195.00 |
||
| 949 |
_aFolleto 6289y _bBC _cFOLL _d-33832 _eTS2 _fc.2 _i80835 _si _t195.00 |
||
| 999 |
_c70309 _d70309 |
||